[Event "Brugse Meesters 2017"]
[Site "Brugge"]
[Date "2017.08.14"]
[Round "3"]
[White "Guelsen, Taylan"]
[Black "Gourlay, Iain"]
[Result "1-0"]
[WhiteElo "2156"]
[BlackElo "2401"]
[Annotator "TA"]
[PlyCount "85"]
[EventDate "2017.??.??"]
[EventCountry "BEL"]
[SourceTitle "playchess.com"]
[Source "ChessBase"]
[SourceQuality "1"]

{[%evp 14,85,3,-2,27,26,28,24,31,37,31,26,26,18,22,26,47,39,45,31,37,25,54,22,66,0,101,107,98,96,99,94,102,96,130,80,81,83,78,51,73,39,77,50,54,46,104,91,94,87,93,87,87,87,161,76,91,14,87,27,54,45,68,50,1932,1741,1616,1261,29986,29965,6179,6123,29988,29988]} 1. e4 e5 2. Nf3 Nc6 3. Bb5 a6 4. Ba4 Nf6 5. d3 d6 6. O-O b5 {C79: Ruy Lopez: Steinitz-type lines with 3...a6 4 Ba4 Nf6 5 0-0 d6} 7. Bb3 Na5 8. Nc3 {LiveBook: 11 Games} (8. Bd2 $5 {[%cal Rd2a5]} Nxb3 9. axb3 $11) (8. Re1 Nxb3 9. axb3 c5 10. Bg5 Be7 11. Nc3 Bb7 12. Bxf6 Bxf6 13. Nd5 Bxd5 14. exd5 {½-½ (65) Vachier Lagrave,M (2789)-Carlsen,M (2855) Paris 2016}) 8... g6 {The position is equal.} 9. Bg5 $146 ({Predecessor:} 9. Ng5 Nxb3 10. axb3 Bb7 11. f4 exf4 12. Bxf4 Bg7 13. Qd2 O-O {1-0 (33) Andrada Andrada,L-Candela Perez,J Spain 1991}) 9... Bg7 10. Nd5 h6 11. Bxf6 Bxf6 12. Nxf6+ Qxf6 13. Qd2 Nxb3 14. axb3 g5 15. Qc3 {[#] aiming for Qc6+.} O-O 16. Qc6 Rb8 17. Qxc7 Bg4 18. Rxa6 Rfd8 19. c3 (19. Qa7 $14) 19... Rbc8 (19... Bxf3 $11 {remains equal.} 20. gxf3 Qxf3) 20. Qb6 Bxf3 21. gxf3 Qxf3 22. Qe3 ({Reject} 22. Qxb5 $6 Qg4+ 23. Kh1 Qf3+ 24. Kg1 Qg4+ 25. Kh1 Qf3+ 26. Kg1 $11) 22... Qg4+ 23. Kh1 Ra8 24. Raa1 Qe6 25. c4 Rab8 26. Ra3 Rb7 27. Rg1 Rdb8 28. Rg3 (28. h4 $5) 28... bxc4 29. dxc4 Kg7 ({Better is} 29... f5 $14 30. Qe2 Rf7) 30. Qd3 Rb6 31. Kg2 R8b7 32. h3 Qg6 33. Qd5 Qf6 (33... Qe6 $16 {keeps fighting.}) 34. Rf3 (34. h4 $1 $18) 34... Qe7 35. Rf5 ({White should try} 35. Qd1 $16) 35... Rc7 (35... Rxb3 $11 36. c5 R3b5) 36. b4 (36. Qd1 $16) 36... Rxb4 37. Raf3 $1 $36 {[%mdl 2048] White has some pressure.} Rxb2 {[#]} 38. c5 $1 {[%cal Bc4c5,Bc5d6][%mdl 544]} Qe8 $2 {[%mdl 8192]} (38... Qe6 $14) (38... Rxc5 39. Rxf7+) 39. cxd6 $18 Rd7 40. Rxe5 Qb8 41. Re7 Rxe7 42. dxe7 f6 43. Qd8 {Precision: White = 42%, Black = 29%.} 1-0

[Event "Brugse Meesters 2017"]
[Site "Brugge"]
[Date "2017.08.14"]
[Round "4"]
[White "Epishin, Vladimir"]
[Black "Luminet, Denis"]
[Result "1-0"]
[WhiteElo "2541"]
[BlackElo "2176"]
[Annotator "TA"]
[PlyCount "57"]
[EventDate "2017.??.??"]
[EventCountry "BEL"]
[SourceTitle "playchess.com"]
[Source "ChessBase"]
[SourceQuality "1"]

{[%evp 15,57,22,24,27,34,47,83,26,22,24,45,37,70,59,68,50,70,62,109,93,223,231,284,260,512,506,500,516,611,616,603,590,987,977,1020,1014,1007,1000,897,903,29989,29990,29990,29991]} 1. Nf3 e6 2. g3 Nf6 3. Bg2 d5 4. O-O Nbd7 5. d3 b6 6. Nbd2 Bb7 7. Re1 Be7 {A05: Réti Opening: 1 Nf3 Nf6} (7... Bc5 8. h3 O-O 9. e4 dxe4 10. dxe4 e5 11. Nh4 g6 12. Nb3 Be7 13. Bh6 Re8 14. Qe2 Bf8 15. Bg5 h6 16. Bd2 a5 17. Rad1 Qe7 18. a3 Qe6 {0-1 (49) Ponomariov,R (2764)-Bruzon Batista,L (2673) Khanty-Mansiysk 2011}) 8. e4 dxe4 {LiveBook: 3 Games} 9. dxe4 {[%cal Bd3e4,Be4e5][%mdl 32]} Nc5 {[%cal Rf6e4] White has an edge.} 10. e5 Nd5 $146 ({Predecessor:} 10... Nfd7 11. b4 Na4 12. c4 b5 13. cxb5 Nab6 14. a3 O-O 15. Qc2 {1-0 (60) Gierse,H (1941)-Schmidt,P (1645) Essen 2005}) 11. Nb3 (11. a3 $16) 11... Nxb3 12. axb3 O-O 13. Nd2 {aiming for c4.} Qc8 14. c3 {[%cal Bc2c3,Bc3c4][%mdl 32]} c5 15. Ne4 Rd8 16. Qh5 g6 17. Qh6 Bf8 {[#]} (17... f5 $16) 18. Qh4 $1 $18 {c4 is the strong threat.} Rd7 19. c4 $40 {[%mdl 128] White has strong attack.} Be7 $2 (19... f5 {was called for.} 20. cxd5 fxe4) 20. Bg5 Bxg5 21. Nxg5 f6 22. Ne4 (22. cxd5 fxg5 23. Qxg5 Bxd5 $11) 22... f5 23. Nd6 ({Less strong is} 23. cxd5 fxe4 24. d6 (24. Bxe4 Bxd5 25. b4 cxb4 $11) (24. dxe6 Rd4 $18) (24. Qxe4 Bxd5 25. Qg4 Qc6 $15) 24... a5 $18) 23... Rxd6 24. exd6 Nb4 25. Bxb7 Qxb7 26. Rxe6 {[#] And now Re7 would win.} Nc6 27. Rae1 Nd4 28. Re8+ Rxe8 29. Rxe8+ {Precision: White = 81%, Black = 12%.} 1-0

[Event "Brugse Meesters 2017"]
[Site "Brugge"]
[Date "2017.08.14"]
[Round "4"]
[White "Motwani, Paul"]
[Black "Cocquyt, Tijs"]
[Result "1-0"]
[WhiteElo "2470"]
[BlackElo "2089"]
[Annotator "TA"]
[PlyCount "55"]
[EventDate "2017.??.??"]
[EventCountry "BEL"]
[SourceTitle "playchess.com"]
[Source "ChessBase"]
[SourceQuality "1"]

{[%evp 9,55,59,55,-79,-48,-62,14,23,40,0,120,127,132,126,127,133,130,87,97,77,148,133,154,156,406,408,401,403,403,162,396,406,376,381,306,259,260,252,277,256,320,313,428,426,1047,727,1995,1960]} 1. Nf3 Nf6 2. c4 d6 3. d4 Nbd7 4. Nc3 e5 5. Qc2 (5. e4 g6 6. Be2 Bg7 7. O-O O-O 8. Be3 Ng4 9. Bg5 f6 10. Bd2 Nh6 11. Qc2 Nf7 12. Rad1 c6 13. Be3 Re8 14. b4 exd4 15. Nxd4 Qc7 16. h3 a5 17. a3 axb4 18. axb4 Nf8 19. Rd2 {½-½ (44) Can,E (2586)-Markus,R (2672) Kocaeli 2017}) 5... Be7 {LiveBook: 4 Games} 6. g4 $146 {A54: Old Indian Defence with Nf3, but without e4} (6. e4 $14) ({Find the theoretical novelty and annotate with similar games:} 6. g3 O-O 7. Bg2 c6 8. O-O a5 9. Rd1 Qc7 10. b3 Re8 11. Bb2 Bf8 12. e3 g6 13. c5 d5 14. dxe5 Ng4 15. h3 Ngxe5 16. Nxe5 Nxe5 {½-½ (40) Langheinrich,F (2364)-Jugelt,T (2431) Apolda 2017}) 6... exd4 $17 7. Nxd4 Ne5 (7... Nxg4 $15 8. Nf5 Bh4) 8. g5 $11 {The position is equal.} Nh5 $1 9. f4 Nc6 {[#]} (9... Ng6 $1 $11 {keeps the balance.}) 10. Nxc6 $1 $16 bxc6 11. Bg2 Bd7 12. Bf3 g6 13. Bxh5 gxh5 14. Be3 Qc8 ({Black should try} 14... f6) 15. Bd4 O-O 16. O-O-O f5 $2 (16... Rb8 $16 17. b3 a6) 17. gxf6 $1 $18 Bxf6 18. Rhg1+ Kh8 19. Bxf6+ Rxf6 20. Ne4 Rg6 21. Qc3+ Kg8 22. Nf6+ $40 {[%mdl 128] White goes for the king.} Kf7 23. Nxh7 Qh8 {[#] aiming for ...Rxg1.} 24. Ng5+ Ke7 {Black hopes to continue with ...Qxc3+.} 25. Rd4 {Black must now prevent Re4+.} Bf5 26. e4 {[%cal Be2e4,Be4f5][%mdl 32] White is clearly winning.} c5 (26... Bg4 $142 27. Qe3 Re8) 27. exf5 Rxg5 28. Re4+ {Precision: White = 70%, Black = 45%.} 1-0

[Event "Brugse Meesters 2017"]
[Site "Brugge"]
[Date "2017.08.14"]
[Round "4"]
[White "Czebe, Attila"]
[Black "Pel, Bonno"]
[Result "1-0"]
[WhiteElo "2465"]
[BlackElo "2255"]
[Annotator "TA"]
[PlyCount "89"]
[EventDate "2017.??.??"]
[EventCountry "BEL"]
[SourceTitle "playchess.com"]
[Source "ChessBase"]
[SourceQuality "1"]

{[%evp 13,88,5,32,25,20,29,26,31,35,34,115,18,37,0,-15,-6,27,13,29,17,44,-17,0,0,-14,-10,-16,-67,-67,-59,-47,-68,-64,-90,-39,-66,-61,-115,-114,-95,0,-86,-89,-76,0,0,0,0,113,116,119,119,115,0,14,0,0,0,0,-57,0,0,0,0,0,0,0,0,152,144,29991,29992,29992,29993,29997,29998,29999]} 1. e4 d6 2. d4 g6 3. Bc4 Nf6 4. Qe2 Nc6 5. Nf3 Bg4 6. c3 {B06: Modern Defence} e5 7. Bb5 Nd7 {LiveBook: 5 Games} 8. d5 {White is slightly better.} Ne7 $146 ({Predecessor:} 8... Ncb8 9. h3 Bxf3 10. Qxf3 Be7 11. g3 Bg5 {½-½ (29) Tal,M (2625)-Matulovic,M (2525) Skopje 1972}) 9. Nxe5 Bxe2 10. Bxd7+ Qxd7 11. Nxd7 Ba6 ({Black should play} 11... Bd3 $1 $14 12. Nxf8 Bxe4) 12. Nf6+ (12. Nxf8 $16 Rxf8 13. Bh6) 12... Kd8 $14 13. f3 (13. g4 $14) 13... Bg7 $11 14. Ng4 f5 15. Bh6 Bxh6 16. Nxh6 Re8 17. Kd2 ({White should try} 17. Kf2 $14) 17... fxe4 18. fxe4 c6 19. Na3 cxd5 20. Rhe1 (20. Rae1 $11) 20... Rf8 $1 $15 {[%cal Rf8f2]} 21. Rad1 Rf2+ 22. Kc1 Rxg2 23. Nc2 Be2 (23... Kd7 $17 24. e5 Rf8 25. e6+ Kc7) 24. Rd4 Rxh2 25. Nf7+ (25. exd5 $15 Kd7 26. Re4 Rxh6 27. R1xe2 Nxd5 28. c4) 25... Kd7 $1 $17 26. e5 Bf3 (26... Rf8 $17 27. Nxd6 Kc7) 27. exd6 (27. Rb4 $1 $11 Be4 28. Nd4) 27... Nc6 28. Nb4 Be4 (28... Re2 $1 $17 {[%cal Re2e1]} 29. Rxe2 Bxe2) 29. Nxc6 $11 bxc6 ({Don't go for} 29... Kxc6 $2 30. d7 $1 $18 {[%mdl 512]}) 30. Rb4 {Strongly threatening Rb7+.} c5 (30... Ke6 $11 {keeps the balance.} 31. Rb7 Rf2 32. Re7+ Kf6) 31. Rb7+ $16 {[%mdl 1024] White has strong compensation.} Kc6 32. Rc7+ Kb6 {[#]} 33. Ne5 (33. Re7 $1 $16) 33... Rd8 34. Rc6+ Kb7 35. b4 cxb4 {aiming for ...Rc2+.} 36. cxb4 (36. Rc7+ $11 Kb6 37. Rc6+ Kb5 38. c4+ Ka5 39. d7 Rc2+ 40. Kd1 Rxa2 41. Rc8 Rxd7 42. Nxd7 Ra1+ 43. Ke2 Rxe1+ 44. Kxe1) 36... Rh5 (36... Rxa2 $15 37. Rc7+ Kb6 38. Rc6+ Kb5) 37. Rc7+ $11 Kb6 $1 38. Nd7+ Kb5 39. Re3 Rh1+ 40. Kb2 {Rec3 is the strong threat.} Rb1+ $2 (40... Bf5 $11 41. Rc5+ Kxb4 42. Rb3+ Ka4 43. Ra3+ Kb4 44. Rb3+ Ka4 45. Ra3+ Kb4 46. Rb3+) 41. Ka3 $16 {Rec3 would kill now.} Rxb4 $2 {[%mdl 8192]} (41... Rc1 $16) 42. Rc5+ {White mates.} Ka6 43. Kxb4 Rxd7 44. Rb5 {[%cal Re3a3]} Rxd6 45. Ra3# {Precision: White = 44%, Black = 31%.} 1-0

[Event "Brugse Meesters 2017"]
[Site "Brugge"]
[Date "2017.08.14"]
[Round "4"]
[White "Beerdsen, Thomas"]
[Black "Guelsen, Taylan"]
[Result "1-0"]
[WhiteElo "2447"]
[BlackElo "2156"]
[Annotator "TA"]
[PlyCount "53"]
[EventDate "2017.??.??"]
[EventCountry "BEL"]
[SourceTitle "playchess.com"]
[Source "ChessBase"]
[SourceQuality "1"]

{[%evp 18,53,29,16,77,53,73,66,89,89,85,96,172,142,464,465,463,473,560,547,540,528,639,647,695,702,989,1058,1159,1072,1346,1336,6538,6544,29994,29995,29995,29996]} 1. e4 d6 2. d4 Nf6 3. Nc3 e5 4. Nf3 Nbd7 5. Bc4 Be7 6. a4 O-O 7. O-O a5 8. Ba2 c6 9. h3 {C41: Philidor Defence} (9. Bg5 Qc7 10. Bh4 Re8 11. Qe2 exd4 12. Nxd4 Nc5 13. Qf3 Be6 14. Nxe6 fxe6 15. Bg3 Kh8 16. Qe2 e5 {1-0 (57) Mamedov,R (2650)-Ivanchuk,V (2710) Huaian 2016}) 9... exd4 10. Nxd4 {LiveBook: 27 Games} Nb6 (10... Nc5 $11 {keeps the balance.}) 11. Qf3 $16 {White is better.} Nfd7 $146 {[#]} ({Predecessor:} 11... d5 12. exd5 Nfxd5 13. Nxd5 cxd5 14. Rd1 Bf6 15. Nb5 Be6 16. c3 Rc8 {1-0 (113) Melia,S (2454)-Foisor,C (2383) Plovdiv 2014}) 12. Nf5 $1 {aiming for Qg3.} Ne5 13. Nxe7+ Qxe7 14. Qe3 Ned7 (14... Nbd7 $16 {was worth a try.}) 15. Qg3 $40 {[%mdl 128] White goes for the king.} Ne5 $2 {[%mdl 8192] [#]} (15... Nf6 $16 16. Rd1 Be6) 16. Bg5 Qe8 17. f4 {[%cal Bf2f4,Bf4f5,Bf5g6][%mdl 32]} Ng6 18. f5 Qe5 19. Qe3 h6 20. Qxb6 hxg5 21. fxg6 Bxh3 22. Rxf7 d5 23. exd5 {[%cal Be4d5,Bd5c6][%mdl 32]} Rxf7 24. gxf7+ Kxf7 25. dxc6+ Ke7 26. Qxb7+ Kd6 27. Rd1+ {Precision: White = 97%, Black =  6%.} 1-0

[Event "Brugse Meesters 2017"]
[Site "Brugge"]
[Date "2017.08.14"]
[Round "4"]
[White "Lai, Hing Ting"]
[Black "Dgebuadze, Alexandre"]
[Result "1/2-1/2"]
[WhiteElo "2388"]
[BlackElo "2515"]
[Annotator "TA"]
[PlyCount "40"]
[EventDate "2017.??.??"]
[EventCountry "BEL"]
[SourceTitle "playchess.com"]
[Source "ChessBase"]
[SourceQuality "1"]

{[%evp 17,40,30,50,13,19,0,10,-22,-27,-16,-26,-62,-70,-74,-66,-73,-55,-71,-22,-10,-16,-22,-20,-14,-16]} 1. Nf3 d5 2. g3 g6 3. d4 Bg7 4. Bg2 e6 5. O-O Ne7 {[%cal Bg8e7,Be7f5,Bf5d6][%mdl 32]} 6. c4 O-O 7. Qc2 Nbc6 {A13: English Opening: 1...e6} 8. Rd1 Nf5 (8... b6 9. e3 Bb7 10. b3 Nb4 11. Qe2 c5 12. Bb2 dxc4 13. bxc4 cxd4 14. exd4 Nf5 15. d5 exd5 16. Bxg7 Nxg7 {½-½ (40) Giri,A (2752)-Kasimdzhanov,R (2700) Rosmalen 2014}) 9. e3 a5 {LiveBook: 6 Games. White has an edge.} 10. a3 Nd6 $146 ({Predecessor:} 10... h5 11. b3 a4 12. bxa4 dxc4 13. Bb2 Na5 14. Nbd2 {½-½ (14) Collas,D (2422)-Mrdja,M (2346) France 2003}) 11. Nfd2 a4 12. Nc3 dxc4 13. Bxc6 bxc6 14. Nce4 Nxe4 15. Nxe4 Qd5 16. f4 Rd8 17. Nc5 Bf8 18. e4 {The position is equal.} Qh5 19. Be3 $1 Qf3 20. Qf2 Qxf2+ {Precision: White = 45%, Black = 47%.} 1/2-1/2

[Event "Brugse Meesters 2017"]
[Site "Brugge"]
[Date "2017.08.14"]
[Round "4"]
[White "Vandenbussche, Thibaut"]
[Black "Van Foreest, Lucas"]
[Result "1/2-1/2"]
[WhiteElo "2387"]
[BlackElo "2467"]
[Annotator "TA"]
[PlyCount "150"]
[EventDate "2017.??.??"]
[EventCountry "BEL"]
[SourceTitle "playchess.com"]
[Source "ChessBase"]
[SourceQuality "1"]

{[%evp 11,150,6,9,0,0,-12,7,-2,25,0,44,-14,37,32,34,22,28,21,52,37,50,28,34,38,47,28,64,40,45,12,91,17,97,74,58,58,89,79,77,81,138,82,91,64,58,50,58,70,71,71,62,59,167,164,172,157,162,0,0,0,0,0,0,0,0,0,0,0,0,0,0,0,10,15,137,148,148,133,128,142,278,124,124,124,124,82,124,87,87,87,87,87,87,87,87,87,87,87,87,87,87,87,93,93,93,67,87,87,87,87,87,87,87,87,87,60,60,59,74,59,87,87,87,82,82,66,82,81,67,8,8,8,8,8,8,8,8,8,8,8,336]} 1. e4 e5 2. Nf3 Nc6 3. Nc3 Nf6 4. Bb5 Bd6 5. O-O (5. d3 h6 6. a3 a6 7. Bc4 Bc5 8. b4 Ba7 9. h3 d6 10. Ne2 Be6 11. Bxe6 fxe6 12. Ng3 O-O 13. c3 Qe8 14. O-O Nh5 15. Nxh5 Qxh5 {½-½ (24) Svidler,P (2741)-Yu,Y (2750) Shenzhen 2017}) 5... O-O 6. d3 {C48: Four Knights: 4 Bb5, replies other than 4...Bb4} Re8 {LiveBook: 14 Games} (6... a6 $5 {[%cal Ra6b5]} 7. Ba4 b5 $11) 7. Be3 a6 8. Ba4 Bf8 (8... b5 $5 {[%cal Rb5a4]} 9. Bb3 Na5 $11) 9. Nd5 $146 ({Predecessor:} 9. a3 d6 10. h3 h6 11. Nd5 Nxd5 12. exd5 b5 13. dxc6 bxa4 {0-1 (64) Siebarth,R (2252)-Stern,R (2542) Berlin 2014}) 9... h6 10. c3 d6 11. h3 (11. Nxf6+ $14 Qxf6 12. d4) 11... Nd7 ({Black should play} 11... Nxd5 $11 12. exd5 b5) 12. b4 Ncb8 13. c4 c6 14. Nc3 a5 15. a3 Nf6 16. Rb1 axb4 17. axb4 Be6 18. Qe2 Qc8 19. Ra1 Nbd7 20. Rfb1 Qc7 (20... d5 $11) 21. Bb3 (21. d4 $16) 21... Nb6 (21... b5 $11 {remains equal.}) 22. Ra2 Rxa2 23. Qxa2 Nfd7 24. d4 Ra8 25. Qe2 {Threatens to win with d5.} Nf6 (25... Qc8 $142) 26. c5 ({White should try} 26. dxe5 dxe5 27. c5) 26... Nbd7 $16 27. d5 $36 {[%mdl 2048] Black is under pressure.} cxd5 28. exd5 {[%cal Be4d5,Bd5d6][%mdl 32]} Bf5 29. Nb5 Qc8 30. Rc1 dxc5 31. bxc5 Nxc5 (31... Bxc5 $14 32. Bxc5 Nxc5) 32. d6 $18 b6 33. Bxc5 bxc5 {[#]} 34. Qxe5 $2 ({Better is} 34. Rd1 $1 $18) 34... Bd7 $11 35. Nc7 Rb8 $1 {[%cal Rb8b3]} 36. Ba2 Rb6 37. Qxc5 Rc6 $1 {[%cal Rc6c5]} 38. Bxf7+ $1 Kh8 39. Qe3 {[#] Ra1 is the strong threat.} Rxc1+ 40. Qxc1 Bxd6 41. Nh4 $1 g5 42. Qb2 Kg7 (42... Qd8 $11 43. Nd5 Kg7) 43. Nf5+ $1 $16 ({Don't play} 43. Nd5 $6 Qd8 $11) 43... Bxf5 44. Ne8+ $1 Kf8 45. Nxd6 Qc5 (45... Qd8 $16) 46. Qb8+ ({And not} 46. Qxf6 Qc1+ 47. Kh2 Qf4+ 48. Kg1 (48. g3 Qxf2+ 49. Kh1 Qf1+ 50. Kh2 Qf2+ 51. Kh1 Qf1+ 52. Kh2 Qxh3+ 53. Kg1 Qxg3+ 54. Kh1 Qh3+ 55. Kg1 Qg3+ 56. Kh1 Qh3+ 57. Kg1 Qg3+ $11) 48... Qc1+ 49. Kh2 Qf4+ 50. Kg1 (50. g3 Qxf2+ 51. Kh1 Qf3+ 52. Kg1 Qxg3+ 53. Kh1 Qxh3+ 54. Kg1 Qg3+ 55. Kh1 Qh3+ 56. Kg1 Qg3+ 57. Kh1 Qh3+ $11) 50... Qc1+ $11) (46. Be6 $1 $18 {[%cal Rb2f6] and the rest is easy.} Ke7 47. Nxf5+ Kxe6 48. Nxh6) 46... Kg7 47. Nxf5+ Qxf5 48. Qc7 {Threatening mate with Be6+.} Qf4 49. Qxf4 gxf4 {[%mdl 4096] Endgame KB-KN} 50. Bb3 Nd7 51. Kf1 Ne5 52. Ke2 Kf6 53. Kd2 Ng6 54. Bc2 {Hoping for Bxg6.} Ne7 55. Ke2 Nc6 56. Be4 Nd4+ 57. Kd3 Ke5 58. Bb7 Nb5 59. Bc6 Nd4 60. Bd7 Nb3 {And now ...Nc5+ would win.} 61. Bb5 Nc5+ 62. Ke2 Ne6 {Strongly threatening ...Nd4+.} 63. Bc4 {Black must now prevent Bxe6.} (63. Be8 {is more complex.} Nc5 64. Bg6 Kf6 65. Bh7 Ne6 66. h4) 63... Nd4+ 64. Kd3 Nf5 65. Ba6 Nd6 66. Ke2 Nf5 67. Bc8 {aiming for Bxf5.} Nd4+ 68. Kd3 Nb5 69. Bg4 Nd4 70. g3 (70. Kc4 $14) 70... fxg3 $11 {The position is equal.} 71. fxg3 Nb5 72. Bd7 Nd6 73. Ke3 h5 74. Kf3 {Black should prevent h4.} Ne4 75. Be8 Nxg3 $2 {[%mdl 40960] Precision: White = 54%, Black = 44%. . An unexpected result.} (75... Nd2+ $11 76. Kg2 h4) 1/2-1/2

[Event "Brugse Meesters 2017"]
[Site "Brugge"]
[Date "2017.08.14"]
[Round "4"]
[White "Carstensen, Jacob"]
[Black "Geirnaert, Steven"]
[Result "1-0"]
[WhiteElo "2353"]
[BlackElo "2454"]
[Annotator "TA"]
[PlyCount "82"]
[EventDate "2017.??.??"]
[EventCountry "BEL"]
[SourceTitle "playchess.com"]
[Source "ChessBase"]
[SourceQuality "1"]

{[%evp 20,82,11,-9,0,-10,0,-10,-7,-20,18,18,23,22,27,26,90,94,119,114,103,95,344,198,228,143,691,158,158,158,158,166,164,166,166,73,166,166,194,195,285,284,695,707,1912,1963,1478,1672,1888,1814,1672,1743,1568,1233,1535,1504,6215,6203,6070,3556,5397,5331,6568,5065,5065]} 1. d4 Nf6 2. c4 e6 3. Nc3 Bb4 4. e3 O-O 5. Nge2 d5 6. a3 Be7 7. cxd5 exd5 8. Ng3 Re8 9. Bd3 Nbd7 10. O-O c6 11. b4 {LiveBook: 53 Games} b6 {E46: Nimzo-Indian: Rubinstein: 4 e3 0-0 5 Ne2 without early Bd3} 12. e4 $146 ({Predecessor:} 12. Qf3 Bb7 13. Nf5 g6 14. Nh6+ Kg7 15. e4 dxe4 16. Nxe4 Qc8 17. Bc4 Rf8 18. Ng5 Nd5 19. Bxd5 cxd5 20. Re1 Bf6 21. Qh3 Bxg5 22. Bxg5 Bc6 23. Re7 Nf6 24. Qf3 Nh5 25. Rxf7+ {1-0 (25) Milov,V (2680)-Gavrikov,V (2565) Switzerland 2004}) 12... dxe4 13. Ngxe4 Nf8 {The position is equal.} 14. Bb2 Qxd4 15. Qc2 Bg4 16. Ne2 Qd8 17. Rad1 $36 {[%mdl 2048] White is more active.} Bd7 (17... Nxe4 $11 18. Bxe4 Qc7) 18. Ng5 $16 {Hoping for Nf4.} Qc8 (18... h6 $2 19. Nxf7 $1 {[%mdl 512]} Kxf7 20. Bc4+ Nd5 21. b5 $18) 19. Bxf6 gxf6 20. Nxh7 (20. Bxh7+ $6 Kg7 $11) 20... Qc7 $2 (20... c5 $16) 21. Ng3 (21. Nxf8 $142 Rxf8 22. Ng3) 21... Rad8 22. Rfe1 {aiming for Rxe7!} Qf4 $2 {[%mdl 8192] [#]} (22... Bg4 $16) 23. Nxf8 $2 (23. Rxe7 $1 $18 {[%mdl 512] has better winning chances.} Qh6 (23... Rxe7 24. Nh5) 24. Rxe8 Rxe8 25. Qc1 Qxc1 26. Nxf6+ (26. Rxc1 Nxh7 27. Kf1 Re5 $16) 26... Kh8 27. Rxc1) 23... Kxf8 24. Bf5 $1 {[%cal Rf5d7]} Bxf5 25. Nxf5 ({Resist} 25. Qxf5 $6 Qxf5 26. Nxf5 Rxd1 $14) 25... Rxd1 26. Rxd1 Rd8 27. Rxd8+ Bxd8 {[#]} 28. g3 $1 {[%cal Rg3f4]} Qe5 {[#]} 29. Qd3 $1 {[%cal Rd3d8]} Be7 (29... Qd5 {keeps fighting.} 30. Qxd5 cxd5) 30. Qd7 $18 {Strongly threatening Qc8+.} Qe1+ $2 (30... Qe6 31. Qd3 (31. Qxe7+ Qxe7 32. Nxe7 Kxe7 $16) 31... a5) 31. Kg2 {White is clearly winning.} Qe4+ 32. Kh3 {White threatens Qc8+ and mate.} ({Not} 32. f3 Qe6 $16) 32... Qe6 33. Qxe7+ Qxe7 34. Nxe7 Kxe7 {[%mdl 4096] Endgame KP-KP} 35. Kg4 Ke6 36. h4 f5+ 37. Kg5 c5 38. bxc5 bxc5 39. Kf4 Kf6 40. Ke3 Ke5 41. f4+ Kd5 {Precision: White = 76%, Black = 15%.} 1-0

[Event "Brugse Meesters 2017"]
[Site "Brugge"]
[Date "2017.08.14"]
[Round "4"]
[White "Ratsma, Rosa"]
[Black "Varga, Zoltan"]
[Result "0-1"]
[WhiteElo "2253"]
[BlackElo "2434"]
[Annotator "TA"]
[PlyCount "68"]
[EventDate "2017.??.??"]
[EventCountry "BEL"]
[SourceTitle "playchess.com"]
[Source "ChessBase"]
[SourceQuality "1"]

{[%evp 18,68,29,23,56,39,39,4,14,-48,-46,-38,-40,-56,0,-176,-164,-185,-187,-187,-192,-202,-191,-183,-150,-382,-258,-318,-315,-645,-575,-625,-632,-608,-624,-724,-724,-711,-683,-914,-910,-891,-891,-848,-844,-806,-548,-529,-522,-739,-717,-1167,-1158]} 1. e4 {[%cal Be2e4,Be4e5][%mdl 32]} Nf6 2. e5 Nd5 3. d4 d6 4. c4 Nb6 5. exd6 cxd6 6. d5 e5 7. Nc3 Be7 8. b3 {B03: Alekhine's Defence: Four Pawns Attack} (8. f4 O-O 9. Nf3 Bg4 10. fxe5 N8d7 11. b3 Bh4+ 12. Kd2 dxe5 13. Be2 Bxf3 14. gxf3 Bg5+ 15. Kc2 Bxc1 16. Qxc1 {0-1 (37) Shirov,A (2695)-Dubov,D (2629) Moscow 2013}) 8... O-O 9. Bd3 Na6 10. Nge2 {LiveBook: 4 Games. White has an edge.} Bg4 $146 ({Predecessor:} 10... Nc5 11. Bc2 Bg4 12. O-O f5 13. Be3 Qc7 14. f3 Bh5 15. Rc1 Rae8 16. Qd2 Qd8 {1-0 (31) Poetz,F (2383)-Fahrner,K (2324) Austria 2016}) 11. h3 Bxe2 12. Qxe2 f5 13. g4 (13. Bd2 $11) 13... e4 $15 14. Bb1 $1 Bf6 15. Bb2 Rc8 (15... Nc5 $15) 16. Nd1 $2 (16. gxf5 $11 {and White is okay.} Nxc4 17. bxc4) 16... Nc5 $36 {[%mdl 2048] Black is in control.} 17. gxf5 Bxb2 18. Qxb2 Rxf5 19. Ne3 Rf7 {aiming for ...Qh4.} 20. Rg1 {intending Nf5!} Rcc7 {[%cal Bc8c7,Bc7f7,Bf7f3][%mdl 32]} 21. Rg4 $2 (21. Bc2 $17) 21... a5 22. Qd4 {[#]} Nbd7 $1 23. Nf5 $2 {[#]} (23. Rxe4 Nxe4 24. Bxe4) 23... Ne5 $1 {[%cal Re5f3] Strongly threatening ...Nf3+.Black is clearly winning.} 24. Nh6+ Kf8 {Hoping for ...Nf3+.} 25. Nxf7 Rxf7 26. Rg3 Nf3+ 27. Rxf3 Rxf3 28. Ke2 Qh4 29. Bc2 Qh5 {( -> ...Rd3+)} 30. Kd2 Qg5+ 31. Ke2 Rxh3 32. Rf1 Qg4+ 33. Kd2 Qf4+ 34. Ke2 {[#]} Rd3 $1 {[%mdl 512] Precision: White = 32%, Black = 68%.} 0-1